00715 a2200205 4500010001400000020002300014035001300037037001800050082000800068090001500076100001500091245003300106260004900139270008500188300003000273500004000303942002300343999001500366952012800381 aENG-85829 a8131301559c295.00 aEN-69362 bD.B.Act / Pub14a480 c3502d35021 aSarada, M.1 aSpoken englishcby M. Sarada aNew DelhibAPH Publishing Corporatioonc2007 a5, Ansari Road, Darya GanjbNew Delhie110 002k011- 23274050maphbooks@vsnl.net axiv, 186 p.b22 cm ( Hb.) aIncludes bibliograpgical refrences adplcENk480 / SAR c3435d3435 00102ddc40718NFICaDBADbDBADeDBAD/PUBg295.00l0o480pEN-69362r2008-09-15 00:00:00t1u3661v295.00w2008-09-15yEN